Robert De Niro Movies Quiz Stats

 Plays Quiz Updated Dec 31, 2020

Support Sporcle.
Go Orange.
Score 0/99 Timer 10:00
5 Plays Today
Year Movie Title % Correct
2000Meet the Parents
85.8%
2004Meet the Fockers
85.1%
1976Taxi Driver
84.2%
1990Goodfellas
82.9%
2019The Irishman
81.6%
1980Raging Bull
80.4%
1974The Godfather: Part II
75.8%
1995Casino
72.7%
1995Heat
68.1%
1991Cape Fear
58%
1999Analyze This
58%
2002Analyze That
57%
2019Joker
53%
1978The Deer Hunter
52.7%
2012Silver Linings Playbook
52%
1987The Untouchables
51.8%
1973Mean Streets
48.1%
2016Dirty Grandpa
44.8%
2015The Intern
44.3%
2010Little Fockers
41%
1982The King of Comedy
40.7%
2008Righteous Kill
39.6%
1984Once Upon a Time in America
37.3%
1993A Bronx Tale
36.6%
2013The Grudge Match
35.1%
2013Last Vegas
34.9%
2004Shark Tale
34.8%
1990Awakenings
34.8%
2020The War with Grandpa
33.9%
2015Joy
33.7%
1996Sleepers
33.6%
1994Frankenstein
33.5%
1998Ronin
32.9%
Year Movie Title % Correct
1988Midnight Run
31.7%
2013The Family
31.5%
1977New York, New York
31.2%
2007Stardust
30.7%
1996The Fan
28.5%
1997Jackie Brown
28.4%
1986The Mission
27%
2016The Comedian
26%
1985Brazil
25.5%
2000Men of Honor
25.4%
2001The Score
25.3%
2005Hide and Seek
24.1%
1987Angel Heart
23.5%
1993This Boy's Life
23.5%
2006The Good Shepherd
23.5%
1997Wag the Dog
23.3%
1997Cop Land
23.1%
2002Showtime
23%
2012Being Flynn
22.3%
2000The Adventures of Rocky & Bullwinkle
22.1%
1991Backdraft
21.6%
200115 Minutes
21.3%
1973Bang the Drum Slowly
21.2%
2015Heist
21.2%
2020The Comeback Trail
21%
1989We're No Angels
19.3%
2012Red Lights
18.9%
2012The Big Wedding
18.8%
1993Mad Dog and Glory
18.7%
2002City by the Sea
18.7%
1990Stanley & Iris
17.8%
2011Limitless
17.3%
2014The Bag Man
17%
Year Movie Title % Correct
1976Novecento
16.9%
2013Killing Season
16.9%
1998Great Expectations
16.8%
2010Machete
16.8%
1996Marvin's Room
16.4%
1976The Last Tycoon
15.3%
2008What Just Happened?
15.2%
1984Falling in Love
15.1%
2004Godsend
15%
2009Everybody's Fine
15%
1970Hi, Mom
14.6%
1989Jacknife
14.1%
1999Flawless
14.1%
2012Freelancers
13.9%
1981True Confessions
13.7%
2016Hands of Stone
12.9%
1968Greetings
12.2%
1971The Gang That Couldn't Shoot Straight
12.1%
1970Bloody Mama
11.9%
1969The Wedding Party
11.5%
1992Night and the City
11.4%
1991Guilty by Suspicion
11.3%
2011Killer Elite
11%
2010Stone
10.9%
2004The Bridge of San Luis Rey
10.6%
1991Mistress
10%
2006Arthur and the Invisibles
9.7%
2011New Year's Eve
9.6%
1969Sam's Song
9.5%
1965Three Rooms in Manhattan
9.5%
1971Jennifer on My Mind
9.3%
1971Born to Win
8.9%
1995One Hundred and One Nights
7.9%

From the Vault

Hidden Elements: Countries

by brimtown

Science 8m
Unfortunately you don't get to keep any of the elements you find.
Remove Ads.
Support Sporcle.
Get the best of Sporcle when you Go Orange. This ad-free experience offers more features, more stats, and more fun while also helping to support Sporcle. Thank you for becoming a member.

Show Comments

Extras

Top Quizzes Today


Score Distribution

Your Account Isn't Verified!

In order to create a playlist on Sporcle, you need to verify the email address you used during registration. Go to your Sporcle Settings to finish the process.

Report this User

Report this user for behavior that violates our Community Guidelines.

Details: